| 000 | 00411pab a2200133 454500 | ||
|---|---|---|---|
| 008 | 180718b xxu||||| |||| 00| 0 eng d | ||
| 100 | _aSutherland Sally J. | ||
| 245 | _aSuttee, sati, and sahagamana: an epic misunderstanding? | ||
| 362 | _a29(26), 25 Jun 1994, p.1595-1605 | ||
| 650 | _a Women -- India | ||
| 650 | _aReservation -- Employment -- India | ||
| 773 | _aEconomic and Political Weekly | ||
| 909 | _a27593 | ||
| 999 |
_c27593 _d27593 |
||